000 00340nam a2200157Ia 4500
003 OSt
005 20240101043311.0
008 170524s9999 xx 000 0 und d
020 _a9780070616721
040 _cIIMTU
100 _aDoebelin Ernesto
245 0 _aMeasurements
260 _bTMH New Delhi
260 _c2007
942 _2ddc
_c02
999 _c4843
_d4843